| Tag |
First Indicator |
Second Indicator |
Subfields |
| LEADER |
00000cam a2200000 a 4500 |
| 001 |
in00001556708 |
| 005 |
20151022075646.0 |
| 008 |
980515s1998 nyub 001 0 eng |
| 010 |
|
|
|a 98021982
|
| 020 |
|
|
|a 0684839709
|
| 035 |
|
|
|a (OCoLC)ocm39162275
|
| 040 |
|
|
|a DLC
|c DLC
|d UtOrBLW
|
| 041 |
0 |
|
|a eng
|a spa
|
| 043 |
|
|
|a n-us---
|
| 049 |
|
|
|a TXAM
|
| 050 |
0 |
0 |
|a KF387
|b .A68 1998
|
| 082 |
0 |
0 |
|a 349.73
|2 21
|
| 100 |
1 |
|
|a Araujo, Jesús J.
|
| 245 |
1 |
4 |
|a The law and your legal rights :
|b a bilingual guide to everyday legal issues /
|c Jess J. Araujo.
|
| 246 |
1 |
5 |
|a Ley y sus derechos legales
|
| 264 |
|
1 |
|a New York :
|b Simon & Schuster,
|c [1998]
|
| 264 |
|
4 |
|c ©1998
|
| 300 |
|
|
|a 294, 328 pages :
|b map ;
|c 24 cm.
|
| 336 |
|
|
|a text
|b txt
|2 rdacontent
|
| 337 |
|
|
|a unmediated
|b n
|2 rdamedia
|
| 338 |
|
|
|a volume
|b nc
|2 rdacarrier
|
| 500 |
|
|
|a Spanish title and text inverted.
|
| 500 |
|
|
|a "A Fireside Book."
|
| 500 |
|
|
|a Includes index.
|
| 650 |
|
0 |
|a Law
|z United States
|v Popular works.
|
| 948 |
|
|
|a cataloged
|b h
|c 2001/1/18
|d c
|e pkellar
|f 1:06:35 pm
|
| 994 |
|
|
|a E0
|b TXA
|
| 999 |
|
|
|a MARS
|
| 999 |
f |
f |
|s 4936316d-f0eb-3a9b-986f-78b12edab55b
|i a4b21074-dbd3-3ef3-9424-02047dbddcc8
|t 0
|
| 952 |
f |
f |
|p ric
|a Texas A&M University
|b Rellis Campus
|c Joint Library Facility
|d Remote Storage
|t 0
|e KF387 .A68 1998
|h Library of Congress classification
|i unmediated -- volume
|m A14827077960
|
| 998 |
f |
f |
|a KF387 .A68 1998
|t 0
|l Remote Storage
|